000 00438nam a2200157Ia 4500
008 240729s9999 xx 000 0 und d
022 _a2580-6815
245 0 _aInternational Journal of Agriculture System
260 _aIndonesia
260 _bHasanuddin University
650 _a Agriculture (General)
650 _aAgriculture
856 _uhttps://doaj.org/toc/76c32932280849558819ed4e54da9c3c
942 _2ddc
942 _cDOAJEJ
999 _c68583
_d68583
945 _a1
_bMadushi Gamage
_c1
_dMadushi Gamage